00335nam a2200121Ia 4500008004100000041000800041082001400049100002100063245004500084250001400129260003900143300003100182240624s9999 xx 000 0 und d aeng a519.5 MOO aMOOD ALEXANDER M aINTRODUCTION TO THE THEORY OF STATISTICS a(3rd ed.) c2006aNew DelhibTata McGraw- Hill axii, : 564 : p. : cm. ; 19